Normal view
MARC view
- تأليف: الزريقات، ابراهيم عبدالله
Entry Personal Name
001 - CONTROL NUMBER
- control field: 60670
003 - CONTROL NUMBER IDENTIFIER
- control field: JO-AjAnu
005 - DATE AND TIME OF LATEST TRANSACTION
- control field: 20230606083921.0
008 - FIXED-LENGTH DATA ELEMENTS
- fixed length control field: 230606|| aca||aabn | a|a d
040 ## - CATALOGING SOURCE
- Original cataloging agency: JO-AjAnu
- Transcribing agency: JO-AjAnu
100 ## - HEADING--PERSONAL NAME
- Personal name: تأليف: الزريقات، ابراهيم عبدالله
670 ## - SOURCE DATA FOUND
- Source citation: Work cat.: (JO-AjAnu)30939: تأليف: الزريقات، ابراهيم عبدالله, author, تحليل السلوك التطبيقي: مبادىء واجراءات في تعديل السلوك=Applied Behavior Analysis: Principles&Procedures in Bhavior Modification